[Event "GER GM07-A email"]
[Site "GER email"]
[Date "2018.06.19"]
[Round "?"]
[White "Bescos Anzano, Manuel Jesus"]
[Black "Gleichmann, Matthias"]
[Result "1/2-1/2"]
[WhiteElo "2561"]
[BlackElo "2547"]
[PlyCount "60"]
[EventDate "2018.??.??"]
[EventType "tourn (corr)"]
[EventRounds "13"]
[EventCountry "GER"]
[SourceTitle "Corr 2020"]
[Source "ChessBase"]
[SourceDate "2019.09.30"]
[SourceVersion "1"]
[SourceVersionDate "2019.09.30"]
[SourceQuality "1"]

1. d4 f5 2. g3 Nf6 3. Bg2 g6 4. Nf3 Bg7 5. 0-0 0-0 6. c4 d6 7. Nc3 c6 8. Rb1 a5 9. Qb3 h6 10. Rd1 Qe8 11. c5+ Kh7 12. cxd6 exd6 13. d5 c5 14. a4 Ne4 15. Nxe4 fxe4 16. Nd2 e3 17. Qxe3 Qxa4 18. b3 Qd7 19. Bb2 b5 20. h4 Ra7 21. Qd3 Na6 22. Bxg7 Kxg7 23. Ne4 b4 24. Ra1 Nc7 25. Ra2 Bb7 26. Rda1 Bxd5 27. Rxa5 Rxa5 28. Rxa5 Rf7 29. Nd2 Qf5 30. Qxf5 gxf5 1/2-1/2

[Event "GER GM07-A email"]
[Site "GER email"]
[Date "2018.06.19"]
[Round "?"]
[White "Dunlop, Gordon"]
[Black "Gleichmann, Matthias"]
[Result "1/2-1/2"]
[WhiteElo "2535"]
[BlackElo "2547"]
[PlyCount "68"]
[EventDate "2018.??.??"]
[EventType "tourn (corr)"]
[EventRounds "13"]
[EventCountry "GER"]
[SourceTitle "Corr 2022"]
[Source "ChessBase"]
[SourceDate "2021.10.24"]
[SourceVersion "1"]
[SourceVersionDate "2021.10.24"]
[SourceQuality "1"]

1. e4 c5 2. Nf3 g6 3. c4 Bg7 4. d4 Qa5+ 5. Nc3 d6 6. d5 Bxc3+ 7. bxc3 Nf6 8. Qc2 Nxe4 9. Bd3 Nf6 10. 0-0 0-0 11. Bg5 Nbd7 12. Rae1 Re8 13. a4 b5 14. axb5 a6 15. Ra1 Qb6 16. Rfb1 Qb8 17. b6 a5 18. Nh4 Ra6 19. b7 Bxb7 20. f4 e6 21. dxe6 Rxe6 22. f5 Re7 23. Rf1 Qf8 24. fxg6 fxg6 25. Bxg6 hxg6 26. Nxg6 Be4 27. Nxe7+ Qxe7 28. Qf2 Qg7 29. Bxf6 Nxf6 30. Ra2 Bd3 31. Qxf6 Bxf1 32. Qxg7+ Kxg7 33. Kxf1 Kf6 34. Ke2 Ke5 1/2-1/2

[Event "GER GM07-A email"]
[Site "GER email"]
[Date "2018.06.19"]
[Round "?"]
[White "Gleichmann, Matthias"]
[Black "Korze, Danilo"]
[Result "1/2-1/2"]
[WhiteElo "2547"]
[BlackElo "2567"]
[PlyCount "59"]
[EventDate "2018.??.??"]
[EventType "tourn (corr)"]
[EventRounds "13"]
[EventCountry "GER"]
[SourceTitle "Corr 2020"]
[Source "ChessBase"]
[SourceDate "2019.09.30"]
[SourceVersion "1"]
[SourceVersionDate "2019.09.30"]
[SourceQuality "1"]

1. e4 e5 2. Nf3 Nc6 3. Bb5 Nf6 4. d3 Bc5 5. c3 d5 6. exd5 Qxd5 7. Bc4 Qd6 8. b4 Bb6 9. a4 0-0 10. Qe2 a6 11. Nbd2 Be6 12. Ba3 e4 13. dxe4 Ne5 14. Bxe6 Nxf3+ 15. Nxf3 Qxe6 16. e5 Nd5 17. Qc4 c6 18. 0-0 f6 19. exf6 Rxf6 20. Rae1 Qf5 21. Re4 Bc7 22. a5 Qh5 23. Rh4 Qg6 24. Rg4 Qc2 25. Re1 b5 26. axb6 Bxb6 27. Re2 Qb1+ 28. Re1 Qc2 29. Re2 Qb1+ 30. Re1 1/2-1/2